Negrita con diamantes / (Record no. 17960)

MARC details
000 -LEADER
campo de control de longitud fija 00958nam a2200253 i 4500
001 - NÚMERO DE CONTROL
campo de control 17960
003 - IDENTIFICADOR DE NÚMERO DE CONTROL
campo de control ES-MaACL
005 - FECHA Y HORA DE LA ÚLTIMA TRANSACCIÓN
campo de control 20250629042900.0
007 - CAMPO FIJO DE DESCRIPCIÓN FÍSICA--INFORMACIÓN GENERAL
campo de control de longitud fija t|
008 - DATOS DE LONGITUD FIJA--INFORMACIÓN GENERAL
campo de control de longitud fija 010704s1998 sp ||||1| spa d
080 ## - NÚMERO DE LA CLASIFICACIÓN DECIMAL UNIVERSAL
Número de la Clasificación Decimal Universal 821.134.2-34"19"
100 1# - ENTRADA PRINCIPAL--NOMBRE DE PERSONA
Nombre de persona Fernández de la Sota, José.
9 (RLIN) 49676
245 10 - MENCIÓN DEL TÍTULO
Título Negrita con diamantes /
Mención de responsabilidad, etc. José Fernández de la Sota ; prefacio de Agustín Cerezales ; epílogo de Marifé Santiago Bolaños ; ilustraciones de Ramón Pérez Carrió.
260 ## - PUBLICACIÓN, DISTRIBUCIÓN, ETC.
Lugar de publicación, distribución, etc. Segorge :
Nombre del editor, distribuidor, etc. Fundación Max Aub :
-- Ayuntamiento de Segorbe,
Fecha de publicación, distribución, etc. [1998]
300 ## - DESCRIPCIÓN FÍSICA
Extensión 36 p. :
Otras características físicas il. ;
Dimensiones 24 cm.
700 1# - ENTRADA AGREGADA--NOMBRE PERSONAL
Nombre de persona Cerezales Laforet, Agustín,
Fechas asociadas al nombre 1957-
9 (RLIN) 37495
700 1# - ENTRADA AGREGADA--NOMBRE PERSONAL
Nombre de persona Santiago Bolaños, María Fernanda,
Fechas asociadas al nombre 1962-
9 (RLIN) 236733
700 1# - ENTRADA AGREGADA--NOMBRE PERSONAL
Nombre de persona Pérez Carrió, Ramón.
9 (RLIN) 90713
710 2# - ENTRADA AGREGADA--NOMBRE DE ENTIDAD CORPORATIVA
Nombre de entidad corporativa o nombre de jurisdicción como elemento de entrada Fundación Max Aub.
9 (RLIN) 4367
710 1# - ENTRADA AGREGADA--NOMBRE DE ENTIDAD CORPORATIVA
Nombre de entidad corporativa o nombre de jurisdicción como elemento de entrada Segorbe.
Unidad subordinada Ayuntamiento.
9 (RLIN) 6539
852 ## - LOCALIZACIÓN
Ubicación ES-MaACL
Número de control de estantería 2164-F-10
Sublocalización o colección R.128547
942 ## - ELEMENTOS DE ENTRADA SECUNDARIOS (KOHA)
Fuente del sistema de clasificación o colocación Clasificación decimal universal
Holdings
Estatus retirado Estado de pérdida Estado de daño No para préstamo Colección Biblioteca de origen Biblioteca actual Ubicación en estantería Fecha de adquisición Fuente de adquisición Total de préstamos Signatura topográfica completa Código de barras Visto por última vez Precio de reemplazo Tipo de ítem Koha
        Colección de folletos Biblioteca del Ateneo de Madrid Biblioteca del Ateneo de Madrid Depósito folletos 17/01/2008     2164-F-10 1018351 23/02/2023 23/02/2023 Folleto